Historia de la leyenda negra hispanoamericana /

Estudio histórico sobre la leyenda negra hispanoamericana; ésta ataca a la España Imperial de los siglos XVI al XIX por imponer su modelo político, social y cultural en sus dominios fuera de la Península Ibérica, convirtiéndose en árbitro mundial durante trescientos años. La leyenda es un instrument...

Popoln opis

Shranjeno v:
Bibliografske podrobnosti
Glavni avtor: Carbia, Rómulo D. (autor)
Format: Knjiga
Jezik:španščina
Izdano: Buenos Aires, Argentina : Orientación Española, 1943
Teme:
Oznake: Označite
Brez oznak, prvi označite!

MARC

LEADER 00000nam^a2200000^a^4500
001 000395100
005 20250521000000.0
009 20260310121353.208
037 |a Acervo Xavier Clavigero 
041 |a ESP 
082 |a 980. 013  |b CAR 
100 |a Carbia, Rómulo D.  |e (autor) 
245 1 0 |a Historia de la leyenda negra hispanoamericana /  |c R.D. Carbia. 
264 1 |a Buenos Aires, Argentina :  |b Orientación Española,  |c 1943 
300 |a 240, XXV p. 
336 |a texto  |b txt  |2 rdacontenido 
337 |a sin mediación  |b n  |2 rdamedio 
338 |a volumen  |b nc  |2 rdasoporte 
520 |a Estudio histórico sobre la leyenda negra hispanoamericana; ésta ataca a la España Imperial de los siglos XVI al XIX por imponer su modelo político, social y cultural en sus dominios fuera de la Península Ibérica, convirtiéndose en árbitro mundial durante trescientos años. La leyenda es un instrumento para crear una opinión generalizada, utilizado en la pugna secular entre el tradicionalismo y el modernismo. España impuso el orden social cristiano que se desarrolló desde el Imperio Romano, la filosofía medieval y la moral cristiana. El presente acercamiento a esta manifestación creativa y política al mismo tiempo, es con una actitud de apertura a la verdad histórica, no se trata ni de adular ni de darle poca importancia. 
649 |a XX 
650 |a Indígenas -  |x Condiciones Políticas 
650 |a Indígenas -  |x Condiciones Sociales y Culturales 
650 |a Leyendas -  |x Tema Principal 
650 |a Antihispanismo -  |x Tema Principal 
650 |a Inquisición -  |z Iberoamérica -  |x Historia -  |y Epoca Colonial 
650 |a Identidad Cultural -  |z Iberoamérica -  |x Historia -  |y Epoca Colonial 
650 |a Diversidad Cultural -  |z Iberoamérica -  |x Historia -  |y Epoca Colonial 
650 |a Represión -  |z Iberoamérica -  |x Historia -  |y Epoca Colonial 
650 |a Racismo -  |z Iberoamérica -  |x Historia -  |y Epoca Colonial 
650 |a Discriminación -  |z Iberoamérica -  |x Historia -  |y Epoca Colonial 
650 |a Tolerancia e Intolerancia -  |z Iberoamérica -  |x Historia -  |y Epoca Colonial 
650 |a Prácticas Culturales -  |z Iberoamérica -  |x Historia -  |y Epoca Colonial 
650 |a Catolicismo -  |z Iberoamérica -  |x Historia -  |y Epoca Colonial 
650 |a Cristianismo -  |z Iberoamérica -  |x Historia -  |y Epoca Colonial 
650 |a Religión -  |z Iberoamérica -  |x Historia -  |y Epoca Colonial 
650 |a España -  |x Historia -  |y Casa de Austria, 1516-1700 
650 |a España -  |x Historia -  |y Borbones, 1700-1931 
650 |a Iberoamérica -  |x Historia -  |y Epoca Colonial 
910 |a Fondo General 
920 |a Impresos - Libros 
930 |a Colección General 
905 |a 101 
901 |a 065330  |b IT1  |c ACC  |u 20250521 
902 |a https://opac.biblio.iteso.mx/vufind/Record/000395100